|
|
|
|
| LEADER |
00000nam a22000007a 4500 |
| 005 |
2016062200080.0 |
| 007 |
cr|||| ||u| |
| 008 |
160622s2016 spa||||| |||| 00||0 sp d |
| 020 |
|
|
|a 978-84-9085-693-2
|
| 035 |
|
|
|a 14321
|
| 040 |
|
|
|a vLex
|
| 090 |
|
|
|c 6205
|d 6205
|
| 100 |
1 |
|
|a Flores Doą, M® de la Sierra
|
| 245 |
1 |
0 |
|a El Prštamo Hipotecario y el Mercado del Crďito en la Unin̤ Europea
|h [Recurso electronico] /
|c M® de la Sierra Flores Doą
|
| 256 |
|
|
|a Servicio en linea
|
| 260 |
|
|
|a Madrid
|b Dykinson
|c 2016
|
| 300 |
|
|
|a 1 recurso electronico
|
| 506 |
1 |
|
|a Contenio solo disponible en los productos indicados
|d vLex Global
|d vLex Global (Academic Edition, excluding Law Schools)
|d vLex Global (U.S. Academic Edition, Law Schools)
|d vLex Global (U.S. Academic Edition, excluding Law Schools)
|d vLex Global (Academic Edition, Law Schools)
|
| 650 |
0 |
4 |
|a Prestamo
|z Madrid
|
| 740 |
0 |
|
|a vLex libros (servcio en linea)
|
| 856 |
4 |
0 |
|u http://vlex.com/source/prestamo-hipotecario-mercado-credito-union-europea-14321
|z Acceso restringido
|
| 942 |
|
|
|c BOOK
|
| 999 |
0 |
|
|a Loans
|b Madrid
|